Ultimate Stranger Things Cast Quiz (s1-5) - Statistics

General Stats
  • This quiz has been taken 111 times
  • The average score is 20 of 45
Answer Stats
# of Episodes Character Actor % Correct
42 Eleven/Jane Hopper Millie Bobby Brown
99%
8 Jason Carver Mason Dye
95%
42 Mike Wheeler Finn Wolfhard
88%
34 Max Mayfield Sadie Sink
88%
42 Nancy Wheeler Natalia Dyer
87%
41 Will Byers Noah Schnapp
87%
42 Joyce Byers Winona Ryder
84%
42 Jim Hopper David Harbour
82%
42 Steve Harrington Joe Keery
82%
42 Dustin Henderson Gaten Matarazzo
79%
42 Lucas Sinclair Caleb McLaughlin
76%
25 Robin Buckley Maya Hawke
75%
42 Jonathan Byers Charlie Heaton
74%
17 Vecna Jamie Campbell Bower
67%
8 Holly Wheeler (s5) Nell Fisher
67%
22 Billy Hargrove Dacre Montgomery
64%
38 Karen Wheeler Cara Buono
61%
8 Eddie Munson Joseph Quinn
55%
29 Erica Sinclair Priah Ferguson
55%
12 Bob Newby Sean Astin
44%
21 Dr. Martin Brenner Matthew Modine
38%
25 Murray Bauman Brett Gelman
36%
8 Dr. Kay Linda Hamilton
33%
8 Vickie Amybeth McNulty
32%
7 Derek Turnbow Jake Connelly
32%
23 Ted Wheeler Joe Chrest
32%
19 Dr. Sam Owens Paul Reiser
29%
8 Argyle Eduardo Franco
27%
8 Holly Wheeler (s1,3,4) Anniston Price
25%
15 Holly Wheeler (s1-4) Tinsley Price
25%
7 Barbara Holland Shannon Purser
19%
15 Mr. Clarke Randy Havens
18%
4 Alexei Alec Utgoff
15%
8 Dmitri Antonov/Enzo Tom Wlaschiha
14%
10 Andy Clayton Royal Johnson
13%
8 Kali/008 Linnea Berthelsen
13%
12 Claudia Henderson Catherine Curtin
12%
16 Officer Callahan John Reynolds
12%
16 Officer Powell Rob Morgan
12%
11 Terry Ives Aimee Mullins
11%
11 Lt. Col. Jack Sullivan Sherman Augustus
11%
7 Lt. Akers Alex Breaux
9%
7 Grigori Andrey Ivchenko
9%
10 Florence Susan Shalhoub Larkin
9%
7 The Monster Mark Steger
7%
No matching quizzes found
Score Distribution
Percent of People with Each Score
Percentile by Number Answered
Your Score History
You have not taken this quiz